Sports Quiz

Random Sports or Continent Quiz

World Cup by Continent Quiz Stats

 Plays Quiz not verified by Sporcle

Support Sporcle.
Go Orange.
Score 0/106 Timer 04:00
0 Plays Today
Year Team % Correct
1938- South AmericaBrazil
99%
1934- South AmericaBrazil
99%
1958- South AmericaBrazil
99%
1962- South AmericaBrazil
99%
1970- South AmericaBrazil
99%
1974- South AmericaBrazil
99%
1982- South AmericaBrazil
99%
1994- South AmericaBrazil
99%
1998- South AmericaBrazil
99%
2002- South AmericaBrazil
99%
2006- South AmericaBrazil
99%
1966- South AmericaArgentina
98.5%
1978- South AmericaArgentina
98.5%
1982- South AmericaArgentina
98.5%
1986- South AmericaArgentina
98.5%
1990- South AmericaArgentina
98.5%
2006- South AmericaArgentina
98.5%
1934- South AmericaArgentina
98.5%
1930- South AmericaUruguay
97.4%
1950- South AmericaUruguay
97.4%
1954- South AmericaUruguay
97.4%
1966- South AmericaUruguay
97.4%
2010- South AmericaUruguay
97.4%
1934- North/Central AmericaUSA
96.4%
1930- North/Central AmericaUSA
96.4%
1994- North/Central AmericaUSA
96.4%
2002- North/Central AmericaUSA
96.4%
2010- North/Central AmericaUSA
96.4%
1950- North/Central AmericaUSA
96.4%
1938- EuropeItaly
94.9%
1934- EuropeItaly
94.9%
1950- North/Central AmericaMexico
94.9%
1954- North/Central AmericaMexico
94.9%
1958- North/Central AmericaMexico
94.9%
1962- North/Central AmericaMexico
94.9%
1966- North/Central AmericaMexico
94.9%
Year Team % Correct
1970- North/Central AmericaMexico
94.9%
1970- EuropeItaly
94.9%
1978- North/Central AmericaMexico
94.9%
1982- EuropeItaly
94.9%
1986- North/Central AmericaMexico
94.9%
1994- North/Central AmericaMexico
94.9%
1994- EuropeItaly
94.9%
1998- North/Central AmericaMexico
94.9%
2002- EuropeGermany
94.9%
2006- North/Central AmericaMexico
94.9%
2010- North Central AmericaMexico
94.9%
2006- EuropeItaly
93.9%
1966- EuropeEngland
93.4%
1998- EuropeFrance
93.4%
1998- AsiaJapan
91.8%
2006- AsiaJapan
91.8%
2010- AsiaJapan
91.8%
1954- AsiaKorea Republic
91.3%
1990- AsiaKorea Republic
91.3%
1998- AsiaKorea Republic
91.3%
2006- AsiaKorea Republic
91.3%
2010- AsiaKorea Republic
91.3%
2006- OceaniaAustralia
88.3%
2010- OceaniaAustralia
88.3%
1978- EuropeNetherlands
87.2%
2006- AfricaGhana
85.2%
1982- OceaniaNew Zealand
84.7%
2010- OceaniaNew Zealand
84.7%
2010- AfricaGhana
84.2%
1982- AfricaCameroon
77.6%
1990- AfricaCameroon
77.6%
1934- AfricaEgypt
74%
1978- AsiaIran
73%
1994- AfricaNigeria
73%
1998- AfricaNigeria
73%
1998- AsiaIran
73%
Year Team % Correct
2006- AsiaIran
73%
1954- EuropeWest Germany
72.4%
1974- EuropeWest Germany
72.4%
1986- EuropeWest Germany
72.4%
1990- EuropeWest Germany
72.4%
1950- EuropeSweden
70.4%
1958- EuropeSweden
70.4%
1982- North/Central AmericaHonduras
67.9%
1966- AsiaKorea DPR
67.3%
1950- AsiaTurkey
64.8%
1990- North/Central AmericaCosta Rica
60.7%
1994- AsiaSaudi Arabia
60.7%
1998- AsiaSaudi Arabia
60.7%
2006- AsiaSaudi Arabia
60.2%
1982- AfricaAlgeria
59.7%
1986- AsiaIraq
59.2%
1938- North/Central AmericaCuba
56.1%
2002- AfricaSenegal
52%
1970- AfricaMorocco
51.5%
1986- Africa Morocco
51.5%
2002- AsiaTurkey
50%
1954- AsiaTurkey
50%
1930- EuropeYugoslavia
46.9%
1982- North/Central AmericaEl Salvador
46.4%
1962- EuropeCzechoslovakia
45.9%
1974- North/Central AmericaHaiti
40.3%
2006- AsiaTunisia
38.3%
1978- AfricaTunisia
37.8%
1970- AsiaIsrael
36.7%
1974- AfricaZaire
34.7%
1982- AsiaKuwait
29.6%
1990- AsiaUAE
25%
1938- AsiaDutch East Indies
16.8%
2010- EuropeTBD
7.1%

You're not logged in!

Compare scores with friends on all Sporcle quizzes.
OR
Log In

From the Vault

Double Letter Geography

by rainbow10

Double down on your knowledge of countries, capitals, states, and state capitals.
Remove Ads.
Support Sporcle.
Get the best of Sporcle when you Go Orange. This ad-free experience offers more features, more stats, and more fun while also helping to support Sporcle. Thank you for becoming a member.

Show Comments

Extras

Top Quizzes Today


Score Distribution

Your Account Isn't Verified!

In order to create a playlist on Sporcle, you need to verify the email address you used during registration. Go to your Sporcle Settings to finish the process.

Report this User

Report this user for behavior that violates our Community Guidelines.

Details: